Thủ thuật windows 98 toàn tập

में बचाया:
ग्रंथसूची विवरण
मुख्य लेखक: PHẠM HỒNG TÀI
स्वरूप: पुस्तक
भाषा:Undetermined
प्रकाशित: Thanh niên 2001
टैग : टैग जोड़ें
कोई टैग नहीं, इस रिकॉर्ड को टैग करने वाले पहले व्यक्ति बनें!
Thư viện lưu trữ: Trung tâm Học liệu Trường Đại học Cần Thơ
LEADER 00432nam a2200145Ia 4500
001 CTU_48494
008 210402s9999 xx 000 0 und d
082 |a 005.437 
082 |b T103 
100 |a PHẠM HỒNG TÀI 
245 0 |a Thủ thuật windows 98 toàn tập 
245 0 |c PHẠM HỒNG TÀI, Đinh Vũ Nhân 
260 |b Thanh niên 
260 |c 2001 
980 |a Trung tâm Học liệu Trường Đại học Cần Thơ